Charakterizácia profilu organických zlúčenín vo vzorkách pív pomocou SBSE-GC-MS
Na minha lista:
| Autor principal: | |
|---|---|
| Outros Autores: | |
| Formato: | Manuscrito Livro |
| Idioma: | eslovaco |
| Publicado em: |
2023
|
| Assuntos: | |
| Acesso em linha: | http://is.stuba.sk/zp/portal_zp.pl?podrobnosti=169557 |
| Tags: |
Sem tags, seja o primeiro a adicionar uma tag!
|
MARC
| LEADER | 00000ntm a22000003a 4500 | ||
|---|---|---|---|
| 001 | stuzp94569 | ||
| 003 | SK-STU | ||
| 005 | 20230909222519.8 | ||
| 007 | ta | ||
| 008 | 150427s2015----xo-----f-mn---000-0-slo-d | ||
| 040 | |a STU |b slo | ||
| 041 | 0 | |a slo | |
| 100 | 1 | |a Ončáková, Nikoleta |u 041000 |4 aut |U FCHPT Fakulta chemickej a potravinárskej technológie |T FCHPT Ústav analytickej chémie |X 116677 |U C1000 |Y 99 |7 116677 | |
| 242 | 0 | 1 | |a Characterization of the profile of organic compounds in beer samples using SBSE-GC-MS |y eng |
| 245 | 1 | 0 | |a Charakterizácia profilu organických zlúčenín vo vzorkách pív pomocou SBSE-GC-MS |
| 260 | |c 2023 | ||
| 650 | 4 | |a mikroextrakcia sorpčným miešadielkom |2 slo | |
| 650 | 4 | |a optimalizácia |2 slo | |
| 650 | 4 | |a pivo |2 slo | |
| 650 | 4 | |a plynová chromatografia |2 slo | |
| 650 | 4 | |a profilovanie |2 slo | |
| 650 | 4 | |a hmotnostná spektrometria |2 slo | |
| 650 | 4 | |a Mass Spectrometry |2 eng | |
| 650 | 4 | |a optimization |2 eng | |
| 650 | 4 | |a profiling |2 eng | |
| 650 | 4 | |a Stir Bar Sorptive Extraction |2 eng | |
| 650 | 4 | |a Gas Chromatography |2 eng | |
| 650 | 4 | |a beer |2 eng | |
| 700 | 1 | |a Khvalbota, Liudmyla |4 ths |X 88223 |7 88223 | |
| 856 | 4 | |u http://is.stuba.sk/zp/portal_zp.pl?podrobnosti=169557 | |